000 01521nam a22003017a 4500
999 _c63085
_d63085
005 20240530110622.0
008 161226s2015 ua abk g 000 0 ara d
017 _a2014/25718 ( ج 1 )
_bمصر. دار الكتب
017 _a2014/25719 ( ج 2 )
_bمصر. دار الكتب
020 _a97889774115482 ( ج 1 )
020 _a 9789774115511 ( ج 2 )
040 _aEG-CaGPL
_cEG-CaGPL
082 0 4 _221
_a910.02142\
_bم د
100 0 _aمحمد ابراهيم حسن
245 1 0 _aدراسات فى جغرافيا الجزر بانواعها و احواضها البحرية :
_bتحليل اقليمى مقارن /
_cمحمد ابراهيم حسن ؛ اشراف على اعداده و قدم له السيد على شتا
250 _aط. 1
260 _aالقاهرة :
_bالمكتبة المصرية للنشر و التوزيع ،
_c2015.
300 _a2 جزء :
_bايض ؛
_c24 سم.
500 0 _aالجزء الاول . جزر اورسيا و افريقيا -- الجزء الثانى . جزر استراليشيا و الامريكتين .
650 _2qrmak
651 0 7 _2qrmak
_aاوراسيا
_xالجغرافيا الطبيعة
651 0 7 _2qrmak
_aافريقيا
_xالجغرافيا الطبيعة
651 0 7 _2qrmak
_aاستراليشيا
_xالجغرافيا الطبيعة
651 0 7 _2qrmak
_aالامريكتين
_xالجغرافيا الطبيعة
653 0 4 _aالجزر - الجغرافيا الطبيعة
942 _2ddc
_cBK